000 01097cam a22001934a 4500
005 20250605163932.0
008 250528s ||||||||||||||||||||||||d
035 _a14739
020 _a70209766
040 _aGR-AtMCL
_bgre
_dGR-AtMCL
_eAACR2
245 1 _aMedia Ethics / In the Newsroom and Beyond
260 _bMcgraw Hill Book Company,
_c1988
300 _a324
520 _aForward, Preface, Introduction, Ethics in the Pursuit of News, The Philosophical Framework, Your Personal Code: Troubling Concepts, The Ethics of Technique: Reporter and Adversary or Sleuth?, Your Partners in Ethics: Your Public and Your Editor, Ethics in the Pursuit of Profit, Corporate Social Responsibility, Corporate Profit and Newsroom Ethics, Ethics in the Counting house, The Changing Face of the Media, The Media and Society, New Corporate Character and New Social Status?, Special Problem Areas, Public Relations and the Media and Society, The Media and Freedom of Information and the Law, Name and Subject Index.
700 1 _aFink Conrad C
_9493
942 _cBK
999 _c359
_d359